Digital transformation : The essential of e-business leadership

Bibliographic Details
Main Author: Patel, Keyur
Other Authors: McCarthy, Mary Pat
Format: Book
Published: New York : McGraw-Hill , 2000
Subjects:

MARC

LEADER 00000cam a2200000 7i4500
001 0000055607
005 20020531.0
020 |a 0071364080 
090 0 0 |a 658.84   |b PAT 
100 1 |a Patel, Keyur 
245 1 0 |a Digital transformation :   |b The essential of e-business leadership   |c Keyur Patel, Mary Pat McCarthy 
260 |a New York :   |b McGraw-Hill ,   |c 2000 
300 |a 134p. ;   |c 23cm. 
650 0 0 |a Business enterprises   |x Computer networks 
650 0 0 |a Electronic commerce 
650 0 0 |a Internet 
650 0 0 |a Leadership 
700 1 |a McCarthy, Mary Pat 
999 |a 125451   |b BUKU   |c PINJAMAN   |e PERPUSTAKAAN KOMUNITI PETALING JAYA